| 000 | 01491cam a2200325 a 4500 | ||
|---|---|---|---|
| 001 | 15654110 | ||
| 003 | ARRUPE | ||
| 005 | 20160824110455.0 | ||
| 008 | 090310s2009 txug b 001 0 eng | ||
| 010 | _a 2009010380 | ||
| 015 |
_aGBA987604 _2bnb |
||
| 016 | 7 |
_a015362553 _2Uk |
|
| 020 | _a9781602580695 (pbk. : alk. paper) | ||
| 020 | _a1602580693 (pbk. : alk. paper) | ||
| 035 | _a(OCoLC)ocn317118145 | ||
| 040 |
_aDLC _cDLC _dBTCTA _dYDXCP _dUKM _dC#P _dBWX _dDLC |
||
| 050 | 0 | 0 |
_aBS511.3 _b.L45 2009 |
| 082 | 0 | 0 |
_a220.6 _222 |
| 100 | 1 |
_aLeithart, Peter J. _93120 |
|
| 245 | 1 | 0 |
_aDeep exegesis : _bthe mystery of reading Scripture / _cPeter J. Leithart. |
| 260 |
_aWaco, Tex. : _bBaylor University Press, _cc2009. |
||
| 300 |
_aviii, 254 p. : _bmusic ; _c23 cm. |
||
| 504 | _aIncludes bibliographical references (p. 233-241) and indexes. | ||
| 505 | 0 | _aPreface: Learning to read from Jesus and Paul -- The text is a husk : modern hermeneutics -- Texts are events : typology -- Words are players : semantics -- The text is a joke : intertextuality -- Texts are music : structure -- Texts are about Christ : application. | |
| 630 | 0 | 0 |
_aBible _xCriticism, interpretation, etc. _925404 |
| 630 | 0 | 0 |
_aBible _xHermeneutics. _925405 |
| 906 |
_a7 _bcbc _corignew _d1 _eecip _f20 _gy-gencatlg |
||
| 942 |
_2lcc _cMONOGRAPH |
||
| 999 |
_c125118 _d125118 |
||